Menopaus (putus haid) : panduan lengkap untuk Wanita

Bibliographic Details
Main Author: Mohd Rushdan Md. Noor
Format: Book
Language:Malay
Published: Selangor : Golden Books Centre , 2009
Subjects:

MARC

LEADER 00000cam a2200000 7i4500
001 0000024880
005 20130826.0
008 180713 my a may
020 |a 9789837206274 ,   |c RM42.50 
040 |a INS 
090 0 0 |a RG186   |b M64 2009 
100 1 |a Mohd Rushdan Md. Noor 
245 1 0 |a Menopaus (putus haid) :   |b panduan lengkap untuk Wanita   |c Dr. Mohd Rushdan Md. Noor 
260 |a Selangor :   |b Golden Books Centre ,   |c 2009 
300 |a xii,235ms :   |b ill ;   |c 23cm. 
650 0 |a Menopause 
999 |a 1000001241   |b BOOK   |c Open Shelf   |e Default branch